Công nghệ sản xuất axit amin và ứng dụng
Khái quát về axit amin; Công nghệ sản xuất axit glutamic và ứng dụng trong sản xuất mì chính; Công nghệ sản xuất lysine và Công nghệ sản xuất một số axit amin khác.
Wedi'i Gadw mewn:
| Prif Awdur: | |
|---|---|
| Fformat: | Llyfr |
| Iaith: | Undetermined |
| Cyhoeddwyd: |
Hà Nội
Giáo dục Việt Nam
2011
|
| Pynciau: | |
| Tagiau: |
Ychwanegu Tag
Dim Tagiau, Byddwch y cyntaf i dagio'r cofnod hwn!
|
| Thư viện lưu trữ: | Trung tâm Học liệu Trường Đại học Cần Thơ |
|---|
| LEADER | 00847nam a2200205Ia 4500 | ||
|---|---|---|---|
| 001 | CTU_175224 | ||
| 008 | 210402s9999 xx 000 0 und d | ||
| 020 | |c 40000 | ||
| 082 | |a 660.28449 | ||
| 082 | |b H100 | ||
| 100 | |a Quản, Lê Hà | ||
| 245 | 0 | |a Công nghệ sản xuất axit amin và ứng dụng | |
| 245 | 0 | |c Quản Lê Hà, Nguyễn Thị Hiền (Chủ biên) | |
| 260 | |a Hà Nội | ||
| 260 | |b Giáo dục Việt Nam | ||
| 260 | |c 2011 | ||
| 520 | |a Khái quát về axit amin; Công nghệ sản xuất axit glutamic và ứng dụng trong sản xuất mì chính; Công nghệ sản xuất lysine và Công nghệ sản xuất một số axit amin khác. | ||
| 650 | |a Glutamid,Mì chính | ||
| 904 | |i Hải | ||
| 980 | |a Trung tâm Học liệu Trường Đại học Cần Thơ | ||